| 000 | 00667nam a22002297a 4500 | ||
|---|---|---|---|
| 001 | 7881 | ||
| 003 | FISKH | ||
| 005 | 20250813085550.0 | ||
| 008 | 250813b cb ||||| |||| 00| 0 eng d | ||
| 020 | _a0153312556 | ||
| 040 |
_aFISKH _beng _cFISKH _dFISKH |
||
| 082 | _a407.000 | ||
| 100 | _aEarly, Margaret | ||
| 245 |
_aTogether we go / _cBy Margaret Early , Elizabeth K. Cooper and Nancy Santeusanio |
||
| 260 |
_aNew York : _bHarcourt Brace Jovanovich, _c1983. |
||
| 300 |
_a191 pages : _bcolor illustrations ; _c24 cm . |
||
| 505 | _aP | ||
| 521 | 8 |
_a640
_bLexile estimate |
|
| 521 | 8 |
_aP
_bRaz-Plus |
|
| 942 |
_2ddc _cBK _n0 |
||
| 999 |
_c7881 _d7881 |
||